Normal view
MARC view
- American Society for Engineering Education
Entry Corporate Name
001 - CONTROL NUMBER
- control field: 38995
003 - CONTROL NUMBER IDENTIFIER
- control field: NUST
005 - DATE AND TIME OF LATEST TRANSACTION
- control field: 20210314131321.0
008 - FIXED-LENGTH DATA ELEMENTS
- fixed length control field: 210314|| aca||aabn | a|a d
040 ## - CATALOGING SOURCE
- Original cataloging agency: NUST
- Transcribing agency: NUST
110 ## - HEADING--CORPORATE NAME
- Corporate name or jurisdiction name as entry element: American Society for Engineering Education
670 ## - SOURCE DATA FOUND
- Source citation: Work cat.: (NUST): Cell, John W. 38994, Engineering problems illustrating mathematics;, 1943.
